000 00420nam a22001817a 4500
003 MPLRDC
005 20220104123559.0
008 210129b ||||| |||| 00| 0 eng d
020 _a7-80077-415-5
082 _a782.886 HLG
100 _a王元
245 _a华罗庚
_c
250 _a一版一刷
260 _a
_b开明出版社
_c1994
300 _b
650 _a华罗庚传记
942 _cBK
_o782.886 HLG
999 _c12548
_d12538